01016nam a2200277 a 45000010005000000030010000050050017000150080041000320400025000730800016000980900016001142450154001302600032002843000027003164900024003435040025003676500040003926500021004326500025004537000049004787000040005278300024005679420012005919520120006039990015007231576BR-CuiBMT20231215230411.0231213s2015 dfba 000 0 por d aBR-CuiBMTcBR-CuiBMT a35.0822007 a35.08bS49100aServidores públicos federais :bnossos olhares e perspectivas /corganizadores Alessandro de Oliveira Gouveia Freire, Pedro Lucas de Moura Palotti. aBrasília :bENAP ;c2015. a132 p. :bil. ;c30 cm1 aCadernos ENAP ;v42 aInclui bibliografia. aAdministração públicazBrasil aAgente público aPrevidência social1 aFreire, Alessandro de Oliveira Gouveia4org.1 aPalotti, Pedro Lucas de Moura4org. aCadernos ENAP ;v42 2udccLV 00102udc4070aBIBTCEMTbBIBTCEMTd2023-12-15l0o35.08 S491pBIBTCEMT23120622r2023-12-15tEx. 1w2023-12-15yLV c1576d1576